Marvel Characters by 50 Most Popular Names - Statistics

General Stats
  • This quiz has been taken 465 times
  • The average score is 15 of 50
Answer Stats
# Name People with Name Marvel Characters % Correct
32 Timothy 1,074,172 Dum Dum Dugan | Skullfire (Fitzgerald) | Prodigy (Wilkerson) | Captain Tim (Mulrooney) | Mister Justice (Carney) | Discus (Stuart) | Gamesman (Braverman) | Death-Shield (Karlskin)
98%
12 Steven / Stephen 2,122,211(1,284,623 + 837,588) Captain America (Rogers) | Doctor Strange | Slapstick (Harmon) | Comet Man (Beckley) | Jack O'Lantern (Levins) | Scorcher (Hudak) | Phreak (Petty)
82%
20 Anthony 1,409,172 Iron Man (Stark) | Taskmaster (Masters) | Ringer/Strikeback (Davis) | Professor Power (Power) | Firebolt (Sloan)
81%
1 James 4,625,363 Wolverine (Howlett) | Winter Soldier (Barnes) | War Machine (Rhodes) | Warpath (Proudstar) | Guardian (Hudson) | Multiple Man (Madrox) | Doctor Nemesis (Bradley) | Jimmy Woo | Union Jack (Falsworth) | Solo (Bourne) | Speed Demon (Sanders) | Monarch (Braddock Jr.) | Mad Jim Jaspers | Overdrive (Beverley)
71%
14 Charles 2,037,956 Professor X (Xavier) | 3-D Man (Chandler) | Earthmover (Moss) | Portal (Little Sky) | Trickshot (Barton) | Enforcer (Delanzy Jr.) | Molten Man (Weiberman) | Charcoal (Burlingame) | Ringleader (Last)
60%
46 Eric 882,217 Blade (Brooks) | Thunderstrike (Masterson) | Eric Koenig | Ink (Gitter) | Daredevil (Nelson) | Nightcreeper (Cross) | Coldblood-7 (Savin) | Grim Reaper (Williams) | Black Ant (O'Grady) | Eric Kleinstock | Bloodstrike (Conroy) | Eric Gruning
55%
30 Susan 1,102,248 Invisible Woman (Storm) | Mother Night (Scarbo)
54%
49 Jonathan 857,270 Human Torch (Storm) | U.S. Agent (Walker) | Jack of Hearts (Hart) | Rawhide Kid (Clay) | Killraven (Raven) | Jonathan the Unstoppable | Digitek (Bryant) | John Garrett | Jester (Powers) | Blue Streak (Swift) | Hyperstorm (Richards) | Spot (Johnathon Ohnn)
51%
34 Jessica 1,047,635 Spider-Woman (Drew) | Jessica Jones | Preview (Vale) | Moon Knight (Spector)
51%
23 Donald 1,308,961 Blizzard (Gill) | Donald Pierce | Squid (Callahan) | Lamprey (McGuiggin) | Cardinal (Clendenon) | ~Thor (Blake)
50%
9 Joseph 2,300,049 Robbie Robertson | Doctor Spectrum (Ledger) | Union Jack (Chapman) | Joseph | Gauntlet (Green) | Blue Shield (Cartelli) | Hammerhead | Glob (Timms) | Blackwing (Manfredi) | Scarlet Spider (Wade) | Inferno (Conroy)
50%
24 Andrew 1,257,112 Alpha (Maguire) | Guvnor (Black) | Scientist Supreme (Forson) | Assassin-8 (Booth) | Spoor (Graves) | Reptile (Webster)
47%
43 Jacob 947,952 Punisher 2099 (Gallows) | War Machine (Oh) | Scorpio (Fury) | Styx (Eichorn) | Rose (Conover) | Decay (Lashinski) | Shade (Nash)
46%
16 Matthew 1,620,154 Daredevil (Murdock) | Two-Gun Kid (Hawk) | Black Rider (Masters) | Goldbug (Gilden)
45%
2 Robert 4,357,620 Iceman (Drake) | Speedball (Baldwin) | Sentry (Reynolds) | Whizzer (Frank) | Marvel Boy/Uranian (Grayson) | Red Hulk (Maverick) | Glob Herman (Herman) | Black Fox (Paine) | Rocket Racer (Farrell) | Nitro (Hunter) | Mad Dog (Baxter) | Nuklo (Frank Jr.) | Yokai (Callaghan)
39%
45 Nicholas 899,086 Nick Fury | Wolf Cub (Gleason) | Suede (Blake) | Crime-Master (Lewis, Sr.) | Chance (Powell) | Knicknack (Grossman)
38%
10 Elizabeth / Betty 2,289,900(1,403,790 + 886,110) Psylocke (Braddock) | Red She-Hulk (Ross) | Betty Brant | Liz Allan | Talisman (Twoyoungmen) | Silver Scorpion (Barstow) | Amazon (Guthrie) | Knockout (Rawson) | Bitter Frost (Forest)
38%
8 Richard 2,423,956 Nova (Rider) | A-Bomb (Rick Jones) | Prodigy (Gilmore) | Rose (Fisk) | Human Fly (Deacon) | Wildside (Gill) | Pandemic (Palance) | Nega-Man (Janus)
35%
18 Jennifer 1,469,664 She-Hulk (Walters) | Hazmat (Takeda) | Jennifer Kale | Roulette (Stavros) | Wysper (Stewart) | Sunstreak (Burke)
33%
22 Mark 1,349,030 Moon Knight (Spector) | Blazing Skull (Todd) | Haechi (Sim) | Sunder (Hallett) | DJ (Sheppard) | Hyperion (Milton) | Molten Man (Raxton) | Spymaster (Sharen) | Boomslang (Riemer)
29%
6 William 3,484,904 Goliath (Foster) | Asgardian (Kaplan) | Red Wolf (Talltrees) | Spider-UK (Braddock) | Willy Lumpkin | Spirit of '76 (Nasland) | Young Avenger (Bryon) | Sandman (Baker) | Crossfire (Cross) | Jigsaw (Russo) | Gunhawk (Downing)
28%
15 Daniel 1,905,388 Iron Fist (Rand) | Black Marvel (Lyons) | Rockman (Rose) | Junk (Silva) | Fancy Dan (Brito) | Jack O'Lantern/Mysterio (Berkhart) | Kraken (Whitehall) | Executioner (DuBois) | Cutthroat (Leighton) | Danny Fear (Kiku)
28%
17 Patricia 1,551,159 Patsy Walker | Trish Starr | Scream (Robertson) | Vista (Wolman) | Knight (Jackson)
28%
36 Edward 1,041,890 Hornet (McDonough) | Metalhead (Osako) | Venom (Brock) | Hobgoblin (Leeds) | Vermin (Whelan) | Lightmaster (Lansky) | Eel (Lavell) | Leviathan (Cobert) | Payback (Dyson) | Tower (Pasternak)
27%
11 Thomas 2,134,536 Speed (Shepherd) | Red Wolf (Thunderhead) | Toro (Raymond) | Goliath (Foster) | Angel (Halloway) | Tom Thumb (Thompson) | Lectronn (Samuels) | Glorian (Gideon) | Puma (Fireheart) | Black Tom Cassidy | Inventor ("Edison") | Mathematic (Sorenson) | Endotherm (Wilkins) | Fogg
27%
50 Ashley 852,892 Big Bertha (Crawford) | Spider-Woman (Barton)
26%
31 George 1,085,858 George Stacy | M.O.D.O.K. (Tarleton) | Wendigo (Baptiste) | Gorgeous George (Blair) | Stunt-Master (Smith)
25%
7 Mary 3,054,624 Sun Girl (Mitchell) | Miss Patriot (Morgan) |Titania (MacPherran) | Typhoid Mary (Walker) | Karisma (Brown)
24%
19 Linda 1,448,284 Captain U.K. (McQuillan) | Night Nurse (Carter) | Linda the Duck
21%
37 Sarah 987,732 Marrow (Rushman) | Network (Vale) | Aviatrix (Starr) | Sarah Rogers | Sarah Garza | Sarah Stacy | Scanner (Ryall)
21%
29 Brian 1,170,328 Captain Britain (Braddock) | Union Jack (Falsworth) | Wraith (DeWolff) | Tag (Cruz) | Grey (Talbot) | Piledriver (Calusky) | Kangaroo (Hibbs) | Ogre (Dunlap)
19%
38 Karen 986,072 Karen Page | Kali (Lee) | Sagittarius (Trudeaux)
19%
48 Margaret 867,664 Peggy Carter | Captain Carter
19%
35 Jason 1,043,551 American Eagle (Strongbow) | Daycrawler (Thomas) | Genii (Kimball) | Mastermind (Wyngarde) | Hobgoblin (Macendale, Jr.) | Voice (Cragg) | Ember (Pierce) | Crossbow (Praed) | Hall
17%
4 Michael 4,345,849 Shaman (Twoyoungmen) | Deathlok (Collins) | Omega (Pointer) | MVP (Van Patrick) | Poltergeist (Silk) | Morbius the Living Vampire (Morbius) | Korvac | Ironclad (Steel) | Man-Mountain Marko | Blockbuster (Baer) | Guardsman (O'Brien) | Forearm (McCain) | Aeturnum (Marchand)
17%
13 Christopher 2,049,683 Darkhawk (Powell) | Corsair (Summers) | Bolt (Bradley) | Melter (Colchiss) | Doctor Synne (Thorn)
15%
39 Jeffery 977,308 Patriot (Mace) | Jeff the Land Shark | Blur (Walters) | Midnight (Wilde)
15%
42 Ryan 952,133 Ryan Sentry (Topper) | Black Spectre (Trent)
15%
28 Kevin 1,178,755 Ka-Zar (Plunder) | Starbrand (Connor) | Thunderstrike (Masterson) | Wither (Ford) | White Tiger (Cole) | Destroyer (Marlow) | Morph/Changeling (Sydney) | Proteus (MacTaggert) | Nightwatch (Trench) | Guardsman (O'Brien) | Post (Tremain) | Angler (Brackett) | Atom Smasher (Leonardo)
14%
41 Nancy 960,589 Push (Lu) | Nancy Whitehead
14%
3 John 4,354,502 J. Jonah Jameson | Thunderbird (Proudstar) | Siege/Deathlok (Kelly) | Hulk 2099 (Eisenhart) | Griffin (Horton) | Man-Wolf (Jameson III) | Baron Blood (Falsworth) | Scalphunter (Greycrow) | Anvil
12%
5 David 3,564,272 Prodigy (Alleyne) | Microchip (Lieberman) | Whirlwind (Cannon) | Legion (Haller) | Angar the Screamer (Angar) | Hijack (Bond)
12%
26 Joshua 1,231,302 Elixir (Foley) | Icarus (Guthrie) | Gemini (Link) | Miracle Man (Ayers) | Discord (Richardson) | Doctor Crocodille (N'Dingi) | Robin Hood (Blaine) | the Wall (Waldemeyer)
11%
21 Barbara 1,385,994 Mockingbird (Morse) | Dream Weaver (Robb) | Quickfire (McDevitt)
9%
25 Paul 1,252,337 Grey Gargoyle (Duval) | Wendigo (Cartier) | Omerta (Provenzano) | Destiny/Mentallo (Destine) | Ravage 2099 (Ravage) | [Don't worry. We won't mention *him* here. This is a safe space.]
5%
47 Sandra 873,576 Hightail (Santos) | Tithe (Morgan)
5%
27 Kenneth 1,204,693 Gorilla-Man (Hale) | Starbrand (Connell) | Baron Blood (Crichton) | Bomblast (Parmenter) | Kenny Kong (McFarlane)
4%
44 Gary 900,434 Raptor (Wilton, Jr.) | Spike (Walsh) | Firebrand (Gilbert) | Shellshock (Buser) | Jet (Akers)
3%
40 Lisa 965,306 Coat of Arms (Molinari)
2%
33 Ronald 1,071,731 Ox (Bloch) | Supercharger (Hilliard) | Atom Smasher (English)
2%
No matching quizzes found
Score Distribution
Percent of People with Each Score
Percentile by Number Answered
Your Score History
You have not taken this quiz